| 000 | 00956cam a2200217 4500 | ||
|---|---|---|---|
| 001 | WB3717-11 | ||
| 008 | 000000n2001 000 0 eng u | ||
| 035 | _a(Sirsi) u112268 | ||
| 245 | _aUK lenders take on riskier loans | ||
| 260 | _c2001 | ||
| 490 |
_aFinancial Times _v27 April 2001, 38(2) |
||
| 520 | _aA report by the Department of Land Management, De Montfort University has shown that £64.16bn in property loans were outstanding at the end of 3Q 2000, nearly 30% higher than the official figure of £51.6bn from the Bank of England. 85% of lenders surveyed intended to increase real estate lending, whilst the number prepared to provide finance for speculative development has also risen, to 37%. | ||
| 590 | _aWB | ||
| 650 | _aLENDERS | ||
| 650 | _aLENDING MARKET | ||
| 650 | _aPROPERTY FINANCE | ||
| 650 | _aPROPERTY LOANS | ||
| 650 | _aPROPERTY MARKET | ||
| 690 | _aMANAGEMENT-BUSINESS MANAGEMENT-FINANCIAL MANAGEMENT | ||
| 942 | _n0 | ||
| 999 |
_c66846 _d66846 |
||